| 000 | 00555nam a2200193Ia 4500 | ||
|---|---|---|---|
| 003 | GCL | ||
| 008 | 140319s9999 xx 000 0 eng d | ||
| 020 | _a0500301107 | ||
| 040 |
_aGCL / _cGCL |
||
| 082 | 0 | 4 |
_aCC _b962.11 _bE A |
| 100 | 1 | _aEMPEREUR, JEAN - YVES | |
| 245 | 1 | 0 |
_aALEXANDRIA : _bPAST, PRESENT AND FUTURE / _cEMPEREUR, JEAN - YVES |
| 260 |
_aانجلترا : _bTHAMES AND HUDSON |
||
| 300 |
_a16 CM ؛ _c159 P |
||
| 650 | 0 | 4 | _aALEXANDRIA (EGYPT) |
| 650 | 0 | 4 | _aALEXANDRIA (EGYPT) - HISTORY |
| 650 | 0 | 4 | _aALEXANDRIA LIBRARY |
| 942 |
_2ddc _cBK |
||
| 999 |
_c3179 _d3179 |
||